Nejasnosti okolo uplatňovania nadmerného odpočtu pri obstaraní HIM platiteľom DPH

Možnosti uplatnenia nadmerného odpočtu DPH podľa nového zákona č. 511/2002 Z.z. platného od 1.1. 2003. Ako postupovať pri nákupe hmotného alebo nehmotného investičného majetku.

Guardado en:
Detalles Bibliográficos
Autor principal: Borodovčák, Michal
Formato: Capítulo de libro
Lenguaje:eslovaco
Materias:
Etiquetas: Agregar Etiqueta
Sin Etiquetas, Sea el primero en etiquetar este registro!

MARC

LEADER 00000naa a2200000 4500
001 r048857
005 20231002123910.8
041 0 |a slo 
044 |a SK 
245 1 0 |a Nejasnosti okolo uplatňovania nadmerného odpočtu pri obstaraní HIM platiteľom DPH  |c Michal Borodovčák 
520 |a Možnosti uplatnenia nadmerného odpočtu DPH podľa nového zákona č. 511/2002 Z.z. platného od 1.1. 2003. Ako postupovať pri nákupe hmotného alebo nehmotného investičného majetku. 
610 2 0 |a dane z hodnoty pridanej 
610 2 0 |a odpisy 
610 2 0 |a majetok hmotný 
610 2 0 |a majetok nehmotný 
610 2 0 |a odpočet dane 
100 1 |a Borodovčák, Michal